Funding boost for aspiring self-builders (Record no. 84443)

MARC details
000 -LEADER
fixed length control field 00954cad a22001935a 4500
001 - CONTROL NUMBER
control field L157710
008 - FIXED-LENGTH DATA ELEMENTS--GENERAL INFORMATION
fixed length control field 130328e2013 xxk 000 0 eng d
035 ## - SYSTEM CONTROL NUMBER
System control number (Sirsi) u157710
041 0# - LANGUAGE CODE
Language code of text/sound track or separate title eng
110 2# - MAIN ENTRY--CORPORATE NAME
Corporate name or jurisdiction name as entry element United Kingdom
Subordinate unit Department for Communities and Local Government
9 (RLIN) 4939
245 00 - TITLE STATEMENT
Title Funding boost for aspiring self-builders
Medium [electronic resource]
260 ## - PUBLICATION, DISTRIBUTION, ETC.
Date of publication, distribution, etc. 2013
520 ## - SUMMARY, ETC.
Summary, etc. Government announces comprehensive range of measures designed to help people aspiring to build their own homes to get their projects off the ground. The rules for support funding under the Community Right to Build will be expanded to include self-builders giving them access to £14 million funding over the next 2 years.
590 ## - LOCAL NOTE (RLIN)
Local note KA
651 #4 - SUBJECT ADDED ENTRY--GEOGRAPHIC NAME
Geographic name England
690 ## - LOCAL SUBJECT ADDED ENTRY--TOPICAL TERM (OCLC, RLIN)
Topical term or geographic name as entry element Planning and development
9 (RLIN) 6259
856 40 - ELECTRONIC LOCATION AND ACCESS
Uniform Resource Identifier <a href="https://www.gov.uk/government/news/funding-boost-for-aspiring-self-builders">https://www.gov.uk/government/news/funding-boost-for-aspiring-self-builders</a>
Public note View the news item free of charge at www.gov.uk
942 ## - ADDED ENTRY ELEMENTS (KOHA)
Suppress in OPAC 0
Holdings
Withdrawn status Lost status Source of classification or shelving scheme Damaged status Not for loan Home library Current library Shelving location Date acquired Total Checkouts Full call number Barcode Date last seen Copy number Price effective from Koha item type
    Dewey Decimal Classification     Virtual Virtual Online 28/03/2013   ONLINE PUBLICATION 157710-2001 06/08/2019 1 06/08/2019 Online material